01267nam a2200265 a 450000100060000000300080000600500170001400800410003102000150007203500190008704000270010604100080013308200240014109900140016510000300017924500960020926000320030530000190033750000200035650504200037665000330079694200120082999900170084195201430085871967BD-RJUL20211209082208.0170511s1979 nyua 001 0 eng d a0393950336 a(BD-RJUL)72183 aDLCcDLCdBD-RJULbeng aeng 223a810.8bNOR 1979 aPS507.N65 aGottesman, Ronald921285604aThe Norton Anthology Of American literature /c[compiled by] Ronald Gottesman ... [et al.]. aNew York :bNorton,cc1979. a2 V. ;c22 cm. aIncludes index.0 av. 1. Early American literature 1620-1820 [compiled by Francis] Murphy. American literature 1820-1865 [compiled by Hershel] Parker.--v. 2. American literature 1865-1914 [compiled by Ronald] Gottesman. American literature between the wars 1914-1945 [compiled by Laurence B.] Holland. Contempory American prose 1945- [compiled by William H.] Pritchard. Contemporary American poetry 1945- [compiled by David] Kalstone. 0aAmerican literature.9212857 2ddccBK c71967d71967 00102ddc40718NFICaRUCLbRUCLcReadingd1993-04-10eAsia Foundationl0o810.8 NOR V-2 1979r2017-05-11 00:00:00tC-1w2017-05-11yBK